Catálogo - Centro de Recursos para el Aprendizaje y la Investigación

Volver al Sitio - CRAI Biblioteca
Vista normal Vista MARC
  • República Dominicana

Entrada Nombre geográfico

Número de registros utilizados en: 3

001 - NÚMERO DE CONTROL

  • campo de control: 193440

003 - IDENTIFICADOR DEL NÚMERO DE CONTROL

  • campo de control: DR-UNIBE

005 - FECHA Y HORA DE LA ÚLTIMA TRANSACCIÓN

  • campo de control: 20250325104435.0

008 - DATOS DE LONGITUD FIJA

  • campo de control de longitud fija: 250325|| aca||aabn | a|a d

040 ## - FUENTE DE LA CATALOGACIÓN

  • Centro catalogador/agencia de origen: DR-UNIBE
  • Centro/agencia transcriptor: DR-UNIBE

151 ## - ENCABEZAMIENTO--NOMBRE GEOGRÁFICO

  • Nombre geográfico: República Dominicana
  • Subdivisión general: Historia
  • Subdivisión general: Era de Trujillo, 1930-1961

670 ## - FUENTE DE DATOS ENCONTRADOS

  • Cita de la fuente: Work cat.: (DR-UNIBE)43055: Veras, Ramón Antonio 91267, Los panfleteros de Santiago : , 2009